Progresos en aterotrombosis / (Registro nro. 3068)

Detalles MARC
000 -LEADER
fixed length control field 01138nam a2200325 a 4500
008 - CAMPO DE CONTROL (LIBRO)
fixed length control field 200218e2011 ag ||||| |||| 00| 0 spa d
020 ## - INTERNATIONAL STANDARD BOOK NUMBER
ISBN 9789872608323
041 ## - CODIGO DE IDIOMA
Código de idioma del texto/pista de sonido o título separado spa
092 ## - SIGNATURA TOPOGRAFICA DEWEY LOCAL
número de clasificación 616.135
libristica 22
sección ESP
100 1# - ENTRADA PRINCIPAL--NOMBRE PERSONAL
Nombre personal Esper, Ricardo J.
9 (RLIN) 383
245 ## - TITULO PROPIAMENTE DICHO
Título Progresos en aterotrombosis /
Mención de responsabilidad y remanente de la transcripción de la portada Ricardo J. Esper
250 ## - MENCION DE EDICION
Mención de edición 1a ed.
260 ## - PIE DE IMPRENTA
Lugar de publicación, distribución, etc Buenos Aires:
Nombre de la editorial, distribuidor, etc Médicas del Sur;
Fecha de publicación 2011.
300 ## - DESCRIPCION FISICA
Extension 352 p.
500 ## - NOTA GENERAL
Nota general Esper, R. J. y Vilariño, J. O. (2011). Progresos en aterotrombosis. (1a ed.). Buenos Aires : Médicas del Sur. <br/>
590 ## - NOTAS LOCALES (RLIN)
Nota local Donacion 2020
653 ## - TÉRMINO INDIZADO - PALABRAS CLAVES
Palabra clave Inmunidad, inflamacion y ateroesclerosis
653 ## - TÉRMINO INDIZADO - PALABRAS CLAVES
Palabra clave Factores de riesgo cardiovascular
653 ## - TÉRMINO INDIZADO - PALABRAS CLAVES
Palabra clave Dislipidemias
653 ## - TÉRMINO INDIZADO - PALABRAS CLAVES
Palabra clave Prevencion cardiovascular
653 ## - TÉRMINO INDIZADO - PALABRAS CLAVES
Palabra clave Riesgo residual, endotelio, genetica y tratamiento personalizado
653 ## - TÉRMINO INDIZADO - PALABRAS CLAVES
Palabra clave Marcadores serologicos de inflamacion
653 ## - TÉRMINO INDIZADO - PALABRAS CLAVES
Palabra clave Proteina C reactiva
653 ## - TÉRMINO INDIZADO - PALABRAS CLAVES
Palabra clave Activacion patologica de las celulas T
653 ## - TÉRMINO INDIZADO - PALABRAS CLAVES
Palabra clave Vacunas y ateroesclerosis
653 ## - TÉRMINO INDIZADO - PALABRAS CLAVES
Palabra clave Antiplaquetarios
653 ## - TÉRMINO INDIZADO - PALABRAS CLAVES
Palabra clave Sindrome metabolico
700 1# - ENTRADAS SECUNDARIAS - NOMBRE PERSONAL
Nombre personal Vilariño, Jorge O.
9 (RLIN) 384
942 ## - ADDED ENTRY ELEMENTS (KOHA)
Source of classification or shelving scheme Dewey Decimal Classification
Item type Libros
Existencias
Estado de retiro Existencia Fuente de clasificación Estado general No para prestamo Ubicación permanente ubicación actual Sala de ubicación Fecha de adquisición Fuente de adquisición Total Checkouts Número de clasificación Código de barras Date last seen Número de ejemplar Price effective from Koha tipo de elemento (item) Public note
    Dewey Decimal Classification     Biblioteca Medicina Biblioteca Medicina Circulación 18/02/2020 Donacion 2020   616.135 22 ESP 4618 18/02/2020 Ej. 1 18/02/2020 Libros Donacion

UNIVERSIDAD NACIONAL DEL COMAHUE
Biblioteca de la Facultad de Ciencias Médicas
Sede Toschi: Los Arrayanes y Av. Toschi, Cipolletti  - Rio Negro
Sede Los Tordos:  Yrigoyen al 2211, Cipolletti - Rio Negro 

Teléfono: 0299 - 4774707 int 25
Contacto: biblioteca@facimed.uncoma.edu.ar
© 2011 - 2026